Spomínali sme na legendu slovenskej cyklistiky

Bibliographic Details
Main Author: Vízner, Tono (Author)
Format: Article
Language:Slovak
PhysicalDescription:Fotogr.
ISSN:2453-7608
Subjects:

MARC

LEADER 00000nab a2200000 ar4500
001 vtls011722514
003 SK-MaSNL
005 20260305031920.0
008 171124c2017 xo sr|p|||||||000 b|slo
038 |a PPPK 
040 |a PPPKCL  |b slo  |c PPPKCL  |e AACR2 
041 0 |a slo 
044 |a xo  |c SK 
080 |a 796.61.093.52  |2 2011 
100 1 |a Vízner, Tono  |4 aut  |9 1032584 
245 1 0 |a Spomínali sme na legendu slovenskej cyklistiky  |c Tony Vízner 
300 |b Fotogr. 
611 2 7 |a Memoriál Waltera Rennera  |n (6 :  |d 2017 :  |c Mlynčeky a Kežmarské Žľaby, Slovensko)  |2 pppkcl  |9 1610576 
648 7 |a 1.10.2017  |2 pppkcl  |9 1129227 
650 0 7 |a cyklistika  |2 pppkcl  |9 3263 
650 0 7 |a cyklistické preteky  |2 pppkcl  |9 69581 
651 7 |a Mlynčeky (Slovensko)  |2 pppkcl  |9 55010 
651 7 |a Kežmarok (Slovensko : okres)  |2 pppkcl  |9 51824 
651 7 |a Kežmarské Žľaby (Vysoké Tatry, Slovensko)  |2 pppkcl  |9 176434 
651 7 |a Poprad (Slovensko : okres)  |2 pppkcl  |9 28675 
773 0 |t Noviny Kežmarok : kultúrno-spoločenský mesačník mesta  |g Roč. 2, č. 11 (2017), s. 22  |x 2453-7608 
852 |a PPPK  |b KIS3GCP 
999 |c 3317964  |d 3319894